| 000 | 00813nam a2200253 i 4500 | ||
|---|---|---|---|
| 001 | 33284 | ||
| 003 | ES-MaACL | ||
| 005 | 20240420063018.0 | ||
| 007 | t| | ||
| 008 | 030201s1985 sp ||||1| spa d | ||
| 020 | _a84-85887-64-6 | ||
| 100 | 1 |
_aBergamín, José, _d1895-1983 _927925 |
|
| 245 | 1 | 3 |
_aEl pozo de la angustia / _cJosé Bergamín ; prólogo de Carlos Gurméndez. |
| 250 | _a[1ª ed.]. | ||
| 260 |
_a[Barcelona] : _bAnthropos, _c[1985] |
||
| 300 |
_a91 p. ; _c20 cm. |
||
| 490 | 1 |
_aMemoria rota. Exilios y heterodoxias ; _v2 |
|
| 500 | _aIndice. | ||
| 504 | _aBibliografía : p. 83-91. | ||
| 700 | 1 |
_aGurméndez, Carlos ( _d1917-1997) _960986 |
|
| 830 | 0 |
_aMemoria rota. Exilios y heterodoxias ; _v2 _9177283 |
|
| 852 |
_aES-MaACL _jL-8264 _bR.108681 |
||
| 999 |
_c33284 _d33284 |
||